| 000 | 01149nam a22002297a 4500 | ||
|---|---|---|---|
| 005 | 20100318113710.0 | ||
| 008 | 100318t xxu||||| |||| 00| 0 hin d | ||
| 010 | _aHIN-89151 | ||
| 020 | _c50.00 | ||
| 035 | _aHN-61497 | ||
| 037 | _bDBAD / PUB | ||
| 040 |
_aDPL _bHN |
||
| 082 | _a821 | ||
| 100 |
_aश्रीवास्तव, मदनलाल योगेन्द्र _916652 |
||
| 245 |
_aऐसी चली हवाएँ / _cमदनलाल श्रीवास्तव योगेन्द्र |
||
| 246 |
_aEsee chali Hvaean/ _bby Madanlal Shreevastav 'Yogender' |
||
| 260 |
_aआगरा _bबसन्त प्रकाशन _c2009 |
||
| 270 |
_aराधाकृष्ण मंदिर के सामने, सदर बाजार रोड, छावनी _bआगरा (मालवा) _e465441 |
||
| 300 |
_a104पृ _c22सेमी (अजिल्द) |
||
| 942 |
_2ddc _cHN _mश्रीवास्त |
||
| 999 |
_c34742 _d34742 |
||